Statistics for Countries with a Population Bigger than 100 mil in 2100

Click here to take the quiz!

General Stats

  • This quiz has been taken 74 times
  • The average score is 23 of 26

Answer Stats

Continent Population Answer % Correct
Asia1659,8 MIndia
100%
Africa209,3 MNiger
100%
Asia1004,4 MChina
100%
North America148,5 MMexico
99%
North America450,4 MUnited States
99%
Africa752,2 MNigeria
99%
Africa200,8 MEgypt
99%
Europe117,4 MRussia
97%
Asia313,6 MIndonesia
97%
Africa156,9 MKenya
96%
South America200,3 MBrazil
96%
Asia364,3 MPakistan
96%
Africa388,7 MDR Congo
94%
Asia169,6 MBangladesh
94%
Africa242,6 MEthiopia
93%
Africa299,1 MTanzania
91%
Africa127,3 MSudan
87%
Asia105,1 MVietnam
85%
Africa127,6 MMozambique
85%
Africa138,7 MAngola
85%
Asia168,6 MPhilippines
85%
Africa202,9 MUganda
84%
Africa104,9 MZambia
76%
Asia163,9 MIraq
76%
Africa101,2 MIvory Coast
61%
Africa105,5 MMadagascar
60%

Score Distribution

Percentile by Number Answered

Percent of People with Each Score

Your Score History

You have not taken this quiz